Las parábolas de la comunidad del reino

Gespeichert in:
Bibliographische Detailangaben
Körperschaft: Equipo Pastoral Claretiano (VerfasserIn)
Format: Buch
Sprache:Spanisch
Veröffentlicht: Buenos Aires Claretiana 2001
Schriftenreihe:Evangelizar con Parábolas
Schlagworte:
Tags: Tag hinzufügen
Keine Tags, Fügen Sie den ersten Tag hinzu!

MARC

LEADER 00000nam a2200000 a 4500
001 UCH3249
003 CL-VaPUC
008 090723e20010000AG |||||||||||||||||spa|d
020 |a 9505124104 
082 0 4 |a 242.5  |b EQU  |2 21 
110 2 |a Equipo Pastoral Claretiano  |e author  |9 538545 
245 1 4 |a Las parábolas de la comunidad del reino 
942 |c BK 
945 |d 20090723 00:00:00  |a rbrito 
260 |a Buenos Aires  |b Claretiana  |c 2001 
650 7 |a EVANGELIZACION  |2 CL-VaPUC  |9 538546 
650 0 |a Biblia  |9 257603 
650 0 |a Nuevo testamento  |9 257604 
650 0 |a Parábolas  |9 313604 
650 0 |a Comunidad  |9 308730 
650 0 |a Perdón  |9 395249 
650 0 |a Alegría (emoción)  |9 308334 
583 |a last modification  |c 20090723 00:00:00  |k Rodrigo Vera 
490 0 |a Evangelizar con Parábolas 
999 |c 334866  |d 334864 
952 |0 0  |1 0  |4 0  |6 242_500000000000000_EQU_2001  |7 0  |8 A  |9 424123  |a BIBTEO  |b BIBTEO  |d 2019-11-22  |i 4574559  |o 242.5 EQU 2001  |p 4574559  |r 2025-01-17  |w 2019-11-22  |y BK  |k ICR